2025 Final Men's Basketball AP Poll - Statistics

General Stats
  • This quiz has been taken 28 times
  • The average score is 19 of 25
Answer Stats
Rank Team % Correct
3 Duke
100%
1 Florida
100%
2 Houston
100%
10 Michigan
100%
19 Texas A&M
100%
4 Auburn
96%
6 Alabama
92%
12 Kentucky
88%
5 Tennessee
88%
15 Arizona
84%
22 Clemson
84%
7 Michigan State
84%
18 Ole Miss
84%
14 Purdue
84%
8 Texas Tech
76%
20 Arkansas
64%
17 Iowa State
64%
13 BYU
60%
9 Maryland
60%
11 St. John's
56%
16 Wisconsin
52%
21 Louisville
48%
23 Gonzaga
44%
25 Memphis
24%
24 St. Mary's CA
24%
No matching quizzes found
Score Distribution
Percent of People with Each Score
Percentile by Number Answered
Your Score History
You have not taken this quiz